000 00744 a2200193 4500
001 134458
020 _a85-86748-01-3
040 _cLeonardo Da Vinci
041 _aPortuguês
082 _a730.07 B337c
_bB337c
100 _aBATISTA, Marta Rossetti
_aLIMA, Yone Soares
245 _aColeção Mário de Andrade
_bartes plásticas
250 _a2.ed
260 _bInstituto de Estudos Brasileiros
_c1998
_aSão Paulo
300 _a322
362 _a19980000
697 _aArtes
_aBrasil
_aArte brasileira
_aArtistas
_aBiografia
_aAlfredo Volpi
_aVincent Van Gogh
_aPablo Picasso
_aAnita Mafaltti
_aEmiliano Di Cavalcanti
_aFlávio de Carvalho
_aPaul de Cézanne
_aManuel Bandeira
_aMário de Andrade
_aOswald de Andrade
_aVictor Brecheret
942 _cBK
999 _c134458
_d134458